Reaching teens : strength-based communication strategies to build resilience and support healthy adolescent development. 32.8, Mindfulness : youth voices (Kelty Mental Health Resource Centre). Vo, Youth. /

This instructional video, from the "Reaching Teens: Strength-Based Communication Strategies to Build Resilience and Support Healthy Adolescent Development" series produced by the American Academy of Pediatrics, is a discussion with youth from the Kelty Mental Health Resource Centre about t...

Full description

Bibliographic Details
Format: Video
Language:English
Language Notes:In English.
Published: Elk Grove Village, Ill. : American Academy of Pediatrics, 2014.
Series:Academic Video Online
Subjects:
Online Access:Connect to this streaming video (Alexander Street Press)

MARC

Tag First Indicator Second Indicator Subfields
LEADER 00000cgm a2200000Mi 4500
001 in00005568113
006 m o c
007 cr |n||||||||a
007 vz |za|z|
008 170801s2014 ilu003 e o vueng d
005 20241201231749.0
035 |a (OCoLC)on1000224041 
040 |a ALSTP  |b eng  |e rda  |e pn  |c ALSTP  |d OCLCO  |d OCLCF  |d UPM  |d IAV  |d OCLCQ  |d OCLCO  |d CAUOI  |d WYU  |d S9I  |d UHL  |d OCLCA  |d OCLCQ  |d OCLCO  |d OCLCL  |d NUI 
019 |a 1112925932  |a 1373536632  |a 1430846165  |a 1444018077 
035 |a (OCoLC)1000224041  |z (OCoLC)1112925932  |z (OCoLC)1373536632  |z (OCoLC)1430846165  |z (OCoLC)1444018077 
043 |a n-us--- 
049 |a TXAM 
245 0 0 |a Reaching teens :  |b strength-based communication strategies to build resilience and support healthy adolescent development.  |n 32.8,  |p Mindfulness : youth voices (Kelty Mental Health Resource Centre). Vo, Youth. /  |c [produced by American Academy of Pediatrics]. 
264 1 |a Elk Grove Village, Ill. :  |b American Academy of Pediatrics,  |c 2014. 
300 |a 1 online resource (3 min.) 
306 |a 000258 
336 |a two-dimensional moving image  |b tdi  |2 rdacontent 
337 |a video  |b v  |2 rdamedia 
337 |a computer  |b c  |2 rdamedia 
338 |a other  |b vz  |2 rdacarrier 
338 |a online resource  |b cr  |2 rdacarrier 
347 |a data file  |2 rda 
380 |a Videorecording 
490 0 |a Academic Video Online 
500 |a Title from resource description page (viewed August 01, 2017). 
520 |a This instructional video, from the "Reaching Teens: Strength-Based Communication Strategies to Build Resilience and Support Healthy Adolescent Development" series produced by the American Academy of Pediatrics, is a discussion with youth from the Kelty Mental Health Resource Centre about the importance of mindfulness in reducing stress and building resilience. 
546 |a In English. 
650 0 |a Adolescence  |z United States. 
650 0 |a Youth development  |z United States. 
650 0 |a Mindfulness (Psychology) 
650 6 |a Adolescence  |z États-Unis. 
650 6 |a Jeunesse  |x Développement  |z États-Unis. 
650 6 |a Pleine conscience (Psychologie) 
650 7 |a Adolescence.  |2 fast  |0 (OCoLC)fst00796984 
650 7 |a Mindfulness (Psychology)  |2 fast  |0 (OCoLC)fst01921242 
650 7 |a Youth development.  |2 fast  |0 (OCoLC)fst01183602 
651 7 |a United States.  |2 fast  |0 (OCoLC)fst01204155  |1 https://id.oclc.org/worldcat/entity/E39PBJtxgQXMWqmjMjjwXRHgrq 
655 7 |a Educational films.  |2 fast  |0 (OCoLC)fst01726235 
655 7 |a Film excerpts.  |2 fast  |0 (OCoLC)fst01726130 
655 7 |a Educational films.  |2 lcgft 
655 7 |a Film excerpts.  |2 lcgft 
655 7 |a Films éducatifs.  |2 rvmgf 
710 2 |a American Academy of Pediatrics,  |e production company. 
856 4 0 |u http://proxy.library.tamu.edu/login?url=https://www.aspresolver.com/aspresolver.asp?MARC;3402972  |z Connect to this streaming video (Alexander Street Press)  |t 0 
955 |a Alexander Street Press subscription streaming video 
994 |a 92  |b TXA 
999 f f |s 54779f18-f7f2-4eb3-ab32-d09cde71ea4f  |i 77802893-3fc2-492a-a425-b2c023e1c802  |t 0 
952 f f |a Texas A&M University  |b College Station  |c Electronic Resources  |d Available Online  |t 0  |h Library of Congress classification 
998 f f |t 0  |l Available Online